Detalles MARC
| 000 -LEADER |
| fixed length control field |
02608nam a2200313 a 4500 |
| 001 - CONTROL NUMBER |
| control field |
|
| 003 - CONTROL NUMBER IDENTIFIER |
| control field |
DO-SdBNP |
| 005 - DATE AND TIME OF LATEST TRANSACTION |
| control field |
20221005111044.0 |
| 008 - FIXED-LENGTH DATA ELEMENTS--GENERAL INFORMATION |
| fixed length control field |
090721s2004 dr 001 0 spa d |
| 020 ## - INTERNATIONAL STANDARD BOOK NUMBER |
| International Standard Book Number |
9993423688 |
| 040 ## - CATALOGING SOURCE |
| Original cataloging agency |
DO-SdBNP |
| Language of cataloging |
spa |
| Transcribing agency |
BPMSU |
| 082 ## - DEWEY DECIMAL CLASSIFICATION NUMBER |
| Classification number |
301.7293 |
| Item number |
L318d 2004 |
| Edition number |
22 |
| 100 1# - MAIN ENTRY--PERSONAL NAME |
| Personal name |
Lara, Erasmo |
| 245 10 - TITLE STATEMENT |
| Title |
Diálogo sobre el futuro dominicano / |
| Statement of responsibility, etc. |
Erasmo Lara en diálogo con José Alcántara Almanzar ... [et al.] ; prólogo Rubén Silié. |
| 260 ## - PUBLICATION, DISTRIBUTION, ETC. (IMPRINT) |
| Place of publication, distribution, etc. |
Santo Domingo : |
| Name of publisher, distributor, etc. |
FLACSO, |
| Date of publication, distribution, etc. |
2004. |
| 300 ## - PHYSICAL DESCRIPTION |
| Extent |
290 p. ; |
| -- |
23 cm. |
| 504 ## - BIBLIOGRAPHY, ETC. NOTE |
| Bibliography, etc |
Bibliografía: p.273-280. |
| 505 0# - FORMATTED CONTENTS NOTE |
| Formatted contents note |
Prólogo 11 -- Introducción 13 -- Cultura y desarrollo en la formación de lo dominicano 25 -- ¿Es determinante la cultura para el progreso social, económico y político? 28 -- Variabilidad cultural. ¿Qué utilizamos para definir una cultura? 31 -- Significado del tiempo 45 -- La comunicación social 47 -- Los procesos de socialización y los valores 49 -- Globalización y nosotros. ¿Cómo nos aproximamos a la misma? 56 -- Lo multicultural en nosotros 62 -- La homosexualidad como expresión de lo multicultural 65 -- ¿Discriminación racial entre nosotros? 67 -- ¿El individuo o la colectividad? 71 -- Democracia : ¿Podemos o no podemos? 74 -- Juventud divino tesoro 79 -- La familia y la mujer 88 -- Educación y progreso 91 -- Sistema judicial justo y eficiente. ¿Por qué es necesario? 98 -- Medios de comunicación, ¿en qué contribuyen? 102 -- Las iglesias : ¿ecuménicas o separadas? 105 -- El trabajo : ¿castigo o don divino? 109 -- La violencia estructural 114 -- Calidad de vida y sociedad 120 -- Métodos alternativos de resolución de conflictos: ¿si existen, por qué usar la violencia? 124 -- José Alcántara Almánzar 137 -- Ramonina Brea 149 -- Roberto Cassá 159 -- Jorge Cela 169 -- Orlando Haza 179 -- Telésforo Isaac 187 -- Antonio Lluberes 195 -- Andrés L. Mateo 207 -- Frank Moya Pons 219 -- Mu-Kien Sang Ben 229 -- Zoraida Vda. Suncar 237 -- Marcio Veloz Maggiolo 245 -- Josefina Zaiter 259 -- Bibliografía 273 -- El autor y sus invitados 281 -- Colofón 283. |
| 590 ## - LOCAL NOTE (RLIN) |
| Local note |
Inventariado, 2022/VM |
| 650 #4 - SUBJECT ADDED ENTRY--TOPICAL TERM |
| Topical term or geographic name as entry element |
Potencial de crecimiento |
| Geographic subdivision |
República Dominicana |
| 650 #4 - SUBJECT ADDED ENTRY--TOPICAL TERM |
| Topical term or geographic name as entry element |
Desarrollo económico y social |
| General subdivision |
Entrevistas |
| 650 #4 - SUBJECT ADDED ENTRY--TOPICAL TERM |
| Topical term or geographic name as entry element |
Identidad cultural |
| Geographic subdivision |
República Dominicana |
| General subdivision |
Entrevistas |
| 651 #4 - SUBJECT ADDED ENTRY--GEOGRAPHIC NAME |
| Geographic name |
República Dominicana |
| General subdivision |
Condiciones sociales |
| 651 #4 - SUBJECT ADDED ENTRY--GEOGRAPHIC NAME |
| Geographic name |
República Dominicana |
| General subdivision |
Nacionalismo Y Cultura |
| -- |
Entrevistas |
| 700 ## - ADDED ENTRY--PERSONAL NAME |
| Personal name |
Silié, Rubén |
| Dates associated with a name |
1946- |
| Relator term |
pról. |
| 710 2# - ADDED ENTRY--CORPORATE NAME |
| Corporate name or jurisdiction name as entry element |
FLACSO(República Dominicana) |
| 910 ## - USER-OPTION DATA (OCLC) |
| User-option data |
VMateo V./Validado. |
| 942 ## - ADDED ENTRY ELEMENTS (KOHA) |
| Source of classification or shelving scheme |
Dewey Decimal Classification |
| Koha item type |
Libros |